Le rilevazioni di esercizio delle imprese. Scritture complesse e sintesi periodiche

Bibliographic Details
Main Author: Adamo, Stefano
Format: eBook
Language:Italian
Published: Bari : Cacucci Editores, 2013
Subjects:
Online Access:Acceso restringido

MARC

LEADER 00000nam a22000007a 4500
005 20140129163617.0
007 cr|||| |||
008 140129s2013 it |||||s|||| 00||0 ita d
020 |a 978-88-6611-300-3 
035 |a 11769 
040 |a vLex 
090 |c 4686  |d 4686 
100 1 |a Adamo, Stefano 
245 1 3 |a Le rilevazioni di esercizio delle imprese. Scritture complesse e sintesi periodiche  |h [Recurso electrn̤ico] /  |c Stefano Adamo  
256 |a Servicio en ln̕ea 
260 |a Bari :  |b Cacucci Editores,  |c 2013 
300 |a 1 recurso electrn̤ico 
506 1 |a Contenido disponible en los productos indicados  |d vLex Global  |d vLex Global (Academic Edition, excluding Law Schools)  |d vLex Global (U.S. Academic Edition, Law Schools)  |d vLex Global (U.S. Academic Edition, excluding Law Schools)  |d vLex Global (Academic Edition, Law Schools) 
650 0 4 |a Derecho mercantil y de la emrpesa  |z Italia 
650 0 4 |a Encuestas  |z Italia 
740 0 |a vLex Libros (Servicio en ln̕ea) 
856 4 0 |u http://vlex.com/source/le-rilevazioni-di-esercizio-delle-imprese-scritture-complesse-e-sintesi-periodiche-11769  |z Acceso restringido 
942 |c BOOK 
999 0 |a Commercial law 
999 0 |a Investigations 
999 0 |a Surveys